Current Leaders by Picture: N. America 🌎 - Statistics

General Stats
  • This quiz has been taken 45 times
    8 since last reset
  • The average score is 9 of 23
Answer Stats
Picture Answer % Correct
Donald J. Trump
100%
Justin Trudeau
86%
Nayib Bukele
71%
Andrés Manuel López Obrador
57%
Daniel Ortega
57%
Andrew Holness
43%
Gaston Browne
43%
Johnny Briceño
43%
Luis Abinader
43%
Mia Mottley
43%
Miguel Díaz-Canel
43%
Philip Davis
43%
Xiomara Castro
43%
Ralph Gonsalves
29%
Rodrigo Chaves Robles
29%
Terrance Drew
29%
Alejandro Giammattei
14%
Ariel Henry
14%
Dickon Mitchell
14%
Keith Rowley
14%
Laurentino Cortizo
14%
Philip Pierre
14%
Roosevelt Skerrit
14%
No matching quizzes found
Score Distribution
Percent of People with Each Score
Percentile by Number Answered
Your Score History
You have not taken this quiz since the last reset